00606nam a2200205Ia 450000500170000000800410001702000150005808200210007324500650009426000380015930000180019765000130021565000090022865000120023765000120024970000210026194200060028295200970028899900150038520250129012600.0240331s9999 xx 000 0 und d a0415166705 bMIR22968a304.8 0aDiaspora and Visual Culture:bRepresenting Africans and Jews aLondonaNew YorkbRoutledgec2000 axiii, 264 p., aDiaspora aJews aAfrican aCulture aM, Nicholaseedt cL 001040708LaWERCLbWERCLcSSCd2024-03-31l0o 304.8 DIAp2968r2024-03-31w2024-03-31yL c1432d1432